Poznáme mená tých najlepších

Bibliographic Details
Main Author: -vmk- (Author)
Format: Article
Language:Slovak
PhysicalDescription:Fotografie
ISSN:2453-7608
Subjects:

MARC

LEADER 00000nab a2200000 r4500
001 vtls011744077
003 SK-MaSNL
005 20260303082346.0
008 180301c2018 xo sr|p|||||||000 b|slo
015 |a SNBRB2018/02 
038 |a PPPK 
040 |a PPPKCL  |b slo  |e rda 
041 0 |a slo 
043 |a e-xo--- 
044 |a xo  |c SK 
072 7 |a 799  |x Športový rybolov. Lovecký šport. Športová streľba  |2 konspekt 
080 |a 799.322  |2 2011 
100 0 |a -vmk-  |4 aut  |9 1087133 
245 1 0 |a Poznáme mená tých najlepších  |c [autor] -vmk- 
300 |b Fotografie 
336 |a text  |b txt  |2 rdacontent 
337 |a bez média  |b n  |2 rdamedia 
338 |a zväzok  |b nc  |2 rdacarrier 
610 2 7 |a MŠK Kežmarok  |2 pppkcl  |9 1037375 
611 2 7 |a Slovenský pohár v halovej lukostreľbe  |d (2017 :  |c Kežmarok, Slovensko)  |2 pppkcl  |9 1087134 
648 7 |a 30.12.2017  |2 pppkcl  |9 1087135 
650 0 7 |a lukostreľba  |2 pppkcl  |9 20493 
650 0 7 |a Najlepší lukostrelec roka klubu MŠK Kežmarok 2017 (ocenenie)  |2 pppkcl  |9 1087136 
650 0 7 |a 25. výročie  |2 pppkcl  |9 1039415 
651 7 |a Kežmarok (Slovensko)  |2 pppkcl  |9 26808 
773 0 |t Noviny Kežmarok : kultúrno-spoločenský mesačník mesta  |g Roč. 3, č. 2 (2018), s. 24  |x 2453-7608 
852 |a PPPK  |b KIS3GCP 
999 |c 1787664  |d 1789594